000
00389nam a22001697a 4500
003
MPLRDC
005
20220104114538.0
008
210129b ||||| |||| 00| 0 eng d
082
_a
857.63 SY
100
_a
双翼
245
_a
顶嘴
_c
250
_a
初版
260
_a
_b
上海书局有限公司
_c
1972
300
_b
平
650
_a
短篇小说--别集
942
_c
BK
_o
857.63 SY
999
_c
8315
_d
8305